000 00442nam a2200181Ia 4500
008 210210b1925 xxu||||| |||| 00| 0 eng d
041 _aeng
082 _a535/131
100 _aSOUTHERNS (L)
245 _aElectricity and the structure of matter
260 _aLondon
_bOxford University Press
_c1925
300 _a128
650 _astructure
650 _amatter
650 _aElectricity
690 _aElectricity
906 _a008749
999 _c127522
_d127522